[Event "ECC"]
[Site "Panormo GRE"]
[Date "2001.09.25"]
[Round "3"]
[White "Har Zvi,R"]
[Black "Upton,T"]
[Result "0-1"]
[WhiteElo "2515"]
[BlackElo "2303"]
[EventDate "2001.09.22"]

1. e4 e5 2. Nf3 Nc6 3. d4 exd4 4. Nxd4 Nge7 5. Nc3 Nxd4 6. Qxd4 Nc6 7. Qe3
Bb4 8. Bd2 O-O 9. O-O-O d6 10. f4 f5 11. Bd3 Kh8 12. g4 fxg4 13. h3 g3 14.
Qxg3 Be6 15. Rhg1 Qd7 16. Qh4 Qe7 17. Qxe7 Nxe7 18. Rg3 d5 19. Nb5 Bxd2+
20. Rxd2 Rac8 21. Nxa7 Ra8 22. Nb5 Rxa2 23. Kb1 dxe4 24. Nxc7 exd3 25. Nxe6
Rfa8 26. cxd3 Nf5 27. Rf3 R8a6 0-1

[Event "ECC"]
[Site "Panormo GRE"]
[Date "2001.09.25"]
[Round "3"]
[White "Goriachnik,D"]
[Black "Zoler,D"]
[Result "1-0"]
[WhiteElo "2230"]
[BlackElo "2507"]
[EventDate "2001.09.22"]

1. Nf3 c5 2. c4 Nf6 3. Nc3 Nc6 4. d4 cxd4 5. Nxd4 g6 6. e4 d6 7. Be2 Bg7 8.
Be3 O-O 9. O-O Bd7 10. Rc1 a6 11. f4 Rc8 12. Kh1 Nxd4 13. Bxd4 Bc6 14. Bf3
Re8 15. b4 e5 16. fxe5 dxe5 17. Be3 Qe7 18. Qb3 Rcd8 19. Rfd1 Rxd1+ 20.
Rxd1 Qe6 21. Nd5 Rc8 22. a4 Qe8 23. b5 axb5 24. axb5 Bxd5 25. exd5 e4 26.
Be2 Nd7 27. d6 b6 28. Bg4 f5 29. c5+ Kh8 30. c6 fxg4 31. cxd7 Qxd7 32. Qd5
h5 33. Qxe4 Re8 34. Qc6 Qf7 35. d7 Rd8 36. Bxb6 Qb3 37. Qd5 1-0

[Event "ECC"]
[Site "Panormo GRE"]
[Date "2001.09.25"]
[Round "3"]
[White "Kishnev,S"]
[Black "Stefansson,H"]
[Result "1/2-1/2"]
[WhiteElo "2498"]
[BlackElo "2586"]
[EventDate "2001.09.22"]

1. d4 Nf6 2. c4 e6 3. Nc3 Bb4 4. Qc2 O-O 5. a3 Bxc3+ 6. Qxc3 b6 7. Bg5 Ba6
8. Qf3 Nc6 9. e3 h6 10. Bxf6 Qxf6 11. Qxf6 gxf6 12. Nf3 Ne7 13. O-O-O Bb7
14. Be2 Rac8 15. b4 d6 16. Kb2 Kg7 17. Rd2 f5 18. Rc1 Kf6 19. c5 a5 20.
cxd6 1/2-1/2

[Event "ECC"]
[Site "Panormo GRE"]
[Date "2001.09.25"]
[Round "3"]
[White "Olafsson,H"]
[Black "Coenen,N"]
[Result "1/2-1/2"]
[WhiteElo "2460"]
[BlackElo "2418"]
[EventDate "2001.09.22"]

1. Nf3 Nf6 2. c4 c5 3. e3 g6 4. d4 cxd4 5. exd4 d5 6. Nc3 Bg7 7. Bg5 Ne4 8.
cxd5 Nxg5 9. Nxg5 Qb6 10. Bb5+ Bd7 1/2-1/2

[Event "ECC"]
[Site "Panormo GRE"]
[Date "2001.09.25"]
[Round "3"]
[White "Petzold,K"]
[Black "Thorfinnsson,Bj"]
[Result "1/2-1/2"]
[WhiteElo "2269"]
[BlackElo "2220"]
[EventDate "2001.09.22"]

1. c4 Nf6 2. Nc3 b6 3. e4 e5 4. g3 c5 5. Bg2 d6 6. d3 h6 7. f4 Nc6 8. Nge2
Bg4 9. O-O Be7 10. Bf3 Qd7 11. Qa4 h5 12. Nd5 Rc8 13. Nec3 h4 14. f5 Bxf3
15. Rxf3 Nd4 16. Nxf6+ Bxf6 17. Qxd7+ Kxd7 18. Rf2 hxg3 19. hxg3 Rh3 20.
Rg2 Rch8 21. Rb1 g6 22. fxg6 fxg6 23. Be3 Bd8 24. Kf1 Rh1+ 25. Bg1 Bg5 26.
Nd5 Bd8 27. Rf2 g5 28. Kg2 R1h7 29. Rbf1 Ke8 30. Rf6 Ne2 31. R6f2 Nd4 32.
Rf6 Ne2 33. R6f2 Nd4 1/2-1/2

[Event "ECC"]
[Site "Panormo GRE"]
[Date "2001.09.25"]
[Round "3"]
[White "Asmundsson,I"]
[Black "Plumanns,D"]
[Result "1/2-1/2"]
[WhiteElo "2359"]
[BlackElo "2199"]
[EventDate "2001.09.22"]

1. e4 c6 2. d4 d5 3. exd5 cxd5 4. Bd3 Nc6 5. c3 Qc7 6. h3 g6 7. Ne2 Bg7 8.
Bf4 e5 9. dxe5 Bxe5 10. Bxe5 Qxe5 11. Nd2 Nge7 12. Nf3 Qf6 13. O-O Bxh3 14.
Ned4 Bg4 15. Qd2 Nxd4 16. Nxd4 O-O 17. Be2 Bxe2 18. Qxe2 Nc6 19. Rad1 Rad8
20. Rfe1 Rd7 21. Qf3 Qxf3 22. Nxf3 Rfd8 23. Nd4 Kf8 24. Re2 a6 25. Kf1 Rd6
26. Nb3 b6 27. Nd4 Nxd4 28. Rxd4 R8d7 29. a4 f6 30. f3 Kf7 31. Kf2 Re6 32.
Red2 Red6 33. Re2 Re6 1/2-1/2

[Event "ECC"]
[Site "Panormo GRE"]
[Date "2001.09.25"]
[Round "3"]
[White "Huzman,A"]
[Black "Pribyl,J"]
[Result "1-0"]
[WhiteElo "2571"]
[BlackElo "2397"]
[EventDate "2001.09.22"]

1. Nf3 Nf6 2. c4 g6 3. Nc3 d5 4. Qa4+ Bd7 5. Qb3 dxc4 6. Qxc4 Bg7 7. e4 O-O
8. e5 Ng4 9. d4 c6 10. Bf4 Na6 11. h3 Nh6 12. Qd3 Kh8 13. Qd2 Ng8 14. Bxa6
bxa6 15. O-O Be6 16. Rac1 Qa5 17. b3 h6 18. Na4 Qxd2 19. Nxd2 Rfd8 20. Be3
f6 21. Nc5 Bc8 22. Nc4 fxe5 23. Nxe5 Bxe5 24. dxe5 Kg7 25. Rfd1 Rd5 26. Nd3
Bb7 27. Nf4 Rxd1+ 28. Rxd1 Kf7 29. Rd7 Bc8 30. Rc7 g5 31. Nd3 a5 32. Bxa7
a4 33. bxa4 Bf5 34. Nc5 Rd8 35. a5 Rd1+ 36. Kh2 Rd2 37. a4 Rxf2 38. a6 Ra2
39. Bb6 Be6 40. Nxe6 Kxe6 41. a5 1-0

[Event "ECC"]
[Site "Panormo GRE"]
[Date "2001.09.25"]
[Round "3"]
[White "Hausner,I"]
[Black "Greenfeld,A"]
[Result "0-1"]
[WhiteElo "2428"]
[BlackElo "2571"]
[EventDate "2001.09.22"]

1. d4 Nf6 2. c4 g6 3. Nc3 d5 4. cxd5 Nxd5 5. g3 Bg7 6. Bg2 Nxc3 7. bxc3 c5
8. e3 Qa5 9. Bd2 O-O 10. Ne2 Nc6 11. O-O Bd7 12. Nc1 c4 13. Ne2 e5 14. d5
Ne7 15. e4 Nc8 16. Be3 Nd6 17. f3 f5 18. h3 Rf7 19. Qc2 Raf8 20. g4 h5 21.
g5 h4 22. Qb2 Rc8 23. Bf2 Bf8 24. Bxh4 Be7 25. Qd2 Qd8 26. f4 Nxe4 27. Bxe4
fxe4 28. fxe5 Bc5+ 29. Nd4 Rh7 30. Qf4 Bxh3 31. d6 Bxd4+ 32. cxd4 Bf5 33.
Bf2 Qa5 34. Be3 Qd5 35. Rf2 c3 36. Rc1 b5 37. Rh2 Rxh2 38. Qxh2 b4 39. Rc2
Qc4 40. e6 Qd3 41. Qf2 Bxe6 42. Qf6 Qxe3+ 43. Rf2 Qxf2+ 0-1

[Event "ECC"]
[Site "Panormo GRE"]
[Date "2001.09.25"]
[Round "3"]
[White "Golod,V"]
[Black "Freisler,P"]
[Result "1-0"]
[WhiteElo "2514"]
[BlackElo "2350"]
[EventDate "2001.09.22"]

1. d4 Nf6 2. c4 d6 3. Nf3 Nbd7 4. Nc3 e5 5. e4 c6 6. Be2 Be7 7. O-O O-O 8.
Be3 Ng4 9. Bd2 Ngf6 10. Be3 Ng4 11. Bd2 Ngf6 12. b4 a6 13. Re1 exd4 14.
Nxd4 Re8 15. Qc2 Bf8 16. a3 Qc7 17. Rad1 b5 18. Nb3 Ne5 19. Na5 Be6 20.
cxb5 cxb5 21. Rc1 Rac8 22. Qb1 Qb8 23. Bg5 Be7 24. a4 Nc4 25. Bxc4 bxc4 26.
b5 axb5 27. axb5 Bd7 28. Be3 Qa8 29. Qa2 Nxe4 30. Nxe4 Qxe4 31. b6 Bc6 32.
f3 Qd5 33. Rcd1 Qb5 34. Nxc4 d5 35. Ne5 Bc5 36. Bxc5 Qxc5+ 37. Qf2 Bb5 38.
Qxc5 Rxc5 39. Nd3 1-0

[Event "ECC"]
[Site "Panormo GRE"]
[Date "2001.09.25"]
[Round "3"]
[White "Jirovsky,Pe"]
[Black "Mikhalevski,V"]
[Result "1/2-1/2"]
[WhiteElo "2423"]
[BlackElo "2501"]
[EventDate "2001.09.22"]

1. e4 e5 2. Nf3 Nc6 3. Bb5 a6 4. Ba4 Nf6 5. O-O Nxe4 6. d4 b5 7. Bb3 d5 8.
dxe5 Be6 9. Be3 Be7 10. c3 Nc5 11. Bc2 Nd7 12. Re1 Ndxe5 13. Nxe5 Nxe5 14.
Bd4 Ng6 15. Bxg7 Rg8 16. Bxg6 Rxg7 17. Rxe6 hxg6 18. Re2 Kf8 19. Nd2 Rg8
20. Nf3 Bf6 21. Qd3 Rh8 22. Rae1 Kg7 23. g3 Qd6 24. Ne5 Rad8 1/2-1/2

[Event "ECC"]
[Site "Panormo GRE"]
[Date "2001.09.25"]
[Round "3"]
[White "Zetocha,C"]
[Black "Galego,L"]
[Result "0-1"]
[WhiteElo "2434"]
[BlackElo "2467"]
[EventDate "2001.09.22"]

1. e4 c5 2. Nf3 e6 3. c4 a6 4. Nc3 Nc6 5. Be2 Nge7 6. d4 cxd4 7. Nxd4 Nxd4
8. Qxd4 Nc6 9. Qe3 b6 10. O-O Bc5 11. Qg3 O-O 12. Bf4 d6 13. Rad1 e5 14.
Bg5 f6 15. Bh6 Ra7 16. a3 Bd4 17. Bc1 Be6 18. Nd5 f5 19. exf5 Bxf5 20. b4
Bc2 21. Rd2 Bg6 22. Bg4 Kh8 23. b5 Na5 24. Rxd4 exd4 25. Nf4 Bf7 26. Ne6
Bxe6 27. Bxe6 Qf6 28. Qg4 Re7 29. Bd5 Qxf2+ 0-1

[Event "ECC"]
[Site "Panormo GRE"]
[Date "2001.09.25"]
[Round "3"]
[White "Damaso,R"]
[Black "Lipka,J"]
[Result "1/2-1/2"]
[WhiteElo "2437"]
[BlackElo "2432"]
[EventDate "2001.09.22"]

1. e4 e6 2. d4 d5 3. Nd2 Nf6 4. e5 Nfd7 5. Bd3 c5 6. c3 b6 7. Nh3 Ba6 8.
Bxa6 Nxa6 9. O-O Nc7 10. Qg4 c4 11. Nf3 h6 12. Nf4 b5 13. Nh5 g6 14. Nf6+
Nxf6 15. exf6 a5 16. Bf4 Bd6 17. Rfe1 Ra6 18. Bxd6 Rxd6 19. Qf4 Kf8 20. a4
bxa4 21. Rxa4 Ne8 22. Ne5 Nxf6 23. Rxa5 g5 24. Qf3 Qxa5 25. Qxf6 Rh7 26.
Ng6+ Kg8 27. Ne7+ Kf8 1/2-1/2

[Event "ECC"]
[Site "Panormo GRE"]
[Date "2001.09.25"]
[Round "3"]
[White "Petran,Pe"]
[Black "Vassallo,M"]
[Result "1/2-1/2"]
[WhiteElo "2364"]
[BlackElo "2470"]
[EventDate "2001.09.22"]

1. g3 g6 2. Bg2 Bg7 3. e4 d6 4. d4 Nf6 5. Ne2 O-O 6. O-O e5 7. d5 Ne8 8. c4
f5 9. Nbc3 Nf6 10. f3 a5 11. Be3 Na6 12. Qd2 Nc5 13. h3 Bd7 14. b3 Rf7 15.
Rab1 Qf8 16. a3 Nh5 17. b4 axb4 18. axb4 Na6 19. Bf2 Bh6 20. Qd3 Qe7 21. g4
Nf4 22. Nxf4 Bxf4 23. Ne2 fxe4 24. fxe4 Bg5 25. Qc3 Raf8 26. Bg3 Bh4 27.
Rxf7 Rxf7 28. Qe3 Bxg3 29. Nxg3 Kg7 30. Bf1 Bc8 31. c5 Nb8 32. Bb5 Nd7 33.
Rc1 Nf6 34. cxd6 Qxd6 35. Qc5 Bd7 36. Be2 Ne8 37. Kg2 Qf6 38. Rf1 Qd6 39.
Ra1 Qf6 40. Rf1 Qd6 41. Rc1 Qf6 1/2-1/2

[Event "ECC"]
[Site "Panormo GRE"]
[Date "2001.09.25"]
[Round "3"]
[White "Santos,CP"]
[Black "Banas,J"]
[Result "1/2-1/2"]
[WhiteElo "2423"]
[BlackElo "2361"]
[EventDate "2001.09.22"]

1. d4 Nf6 2. c4 g6 3. Nc3 d5 4. Nf3 Bg7 5. cxd5 Nxd5 6. e4 Nxc3 7. bxc3 c5
8. Rb1 O-O 9. Be2 b6 10. O-O Bb7 11. Qd3 Ba6 12. Qe3 cxd4 13. cxd4 Bxe2 14.
Qxe2 e6 15. Bg5 Qd7 16. Rfd1 Nc6 17. Qb5 a6 18. Qxb6 Rfb8 19. Qc5 Rxb1 20.
Rxb1 Nxd4 21. Nxd4 1/2-1/2

[Event "ECC"]
[Site "Panormo GRE"]
[Date "2001.09.25"]
[Round "3"]
[White "Franzen,Joz"]
[Black "Santos,JP"]
[Result "1/2-1/2"]
[WhiteElo "2291"]
[BlackElo "2299"]
[EventDate "2001.09.22"]

1. Nf3 Nf6 2. b3 g6 3. Bb2 Bg7 4. e3 c5 5. Be2 O-O 6. O-O d6 7. c4 Nbd7 8.
Qc2 b6 9. d4 e6 10. Nc3 Bb7 11. Rad1 Qe7 12. Rd2 Rfd8 13. Rfd1 Rac8 14. Qb1
a6 15. Qa1 Qf8 16. Ne1 cxd4 17. Rxd4 d5 18. R4d2 dxc4 19. Bxc4 Qe7 20. Be2
b5 21. Bf3 Bxf3 22. Nxf3 Ne8 23. Ne4 Bxb2 24. Qxb2 Ndf6 25. Nxf6+ Nxf6 26.
Nd4 Qc5 27. h3 Qe5 28. Rc1 b4 29. Rdc2 Rxc2 30. Qxc2 Qe4 31. Qc7 Ra8 32.
Nf3 h6 33. Kh2 Nd5 34. Qb7 Nc3 35. Qe7 a5 36. a3 Rf8 37. axb4 Qxb4 38. Qxb4
1/2-1/2

[Event "ECC"]
[Site "Panormo GRE"]
[Date "2001.09.25"]
[Round "3"]
[White "Zifroni,D"]
[Black "Berndt,S"]
[Result "1/2-1/2"]
[WhiteElo "2548"]
[BlackElo "2479"]
[EventDate "2001.09.22"]

1. Nf3 Nf6 2. c4 g6 3. g3 Bg7 4. Bg2 d5 5. O-O dxc4 6. Qa4+ Nfd7 7. Qxc4
O-O 8. d3 Nc6 9. Nc3 Nb6 10. Qh4 e5 11. Qxd8 Rxd8 12. Bd2 h6 13. Rac1 Be6
14. a3 Rac8 15. Ne4 Bd5 16. Nc5 Bxf3 17. Bxf3 Nd4 18. Kg2 Nxf3 19. Kxf3 Rb8
20. g4 Nd5 21. b4 c6 22. e4 Nc7 23. Ke3 1/2-1/2

[Event "ECC"]
[Site "Panormo GRE"]
[Date "2001.09.25"]
[Round "3"]
[White "Lev,R"]
[Black "Borriss,M"]
[Result "1/2-1/2"]
[WhiteElo "2447"]
[BlackElo "2445"]
[EventDate "2001.09.22"]

1. d4 Nf6 2. c4 g6 3. Nc3 Bg7 4. e4 d6 5. f3 O-O 6. Bg5 a6 7. Qd2 Nbd7 8.
Nge2 c5 9. d5 Ne5 10. Nc1 b5 11. cxb5 axb5 12. Nxb5 Ba6 13. a4 Nfd7 14. Ra3
f5 15. Be2 fxe4 16. fxe4 Nf6 17. Qc2 h6 18. Bd2 e6 19. dxe6 Bb7 20. Bf3
Nxf3+ 21. gxf3 Nxe4 22. O-O Ng5 23. Bxg5 Qxg5+ 24. Qg2 Qxg2+ 25. Kxg2 Bxb2
26. Re3 Ba6 27. e7 Rfe8 28. Nd3 Bxb5 29. axb5 Bd4 30. Re6 Kf7 31. Rxd6 Rxe7
32. f4 Ra2+ 33. Kg3 Re3+ 34. Rf3 Re6 35. Ne5+ Kf6 36. Rc6 Rb2 37. Ng4+ Ke7
38. Nxh6 Rxb5 39. Rxe6+ Kxe6 40. f5+ gxf5 41. Nxf5 Be5+ 42. Kf2 Rb2+ 43.
Ke1 Rxh2 44. Ne3 Bd4 45. Kd1 Ra2 46. Nc2 Be5 47. Ra3 Rb2 48. Ra4 Rb3 49.
Kd2 Kd5 50. Ne3+ Kc6 51. Re4 Bd4 52. Nf5 Bh8 53. Re8 Rh3 54. Re3 Rh5 55.
Re6+ Kd5 56. Rh6 Rxh6 57. Nxh6 Ke4 58. Nf7 Bc3+ 1/2-1/2

[Event "ECC"]
[Site "Panormo GRE"]
[Date "2001.09.25"]
[Round "3"]
[White "Haimovich,T"]
[Black "Thiede,L"]
[Result "0-1"]
[WhiteElo "2304"]
[BlackElo "2410"]
[EventDate "2001.09.22"]

1. d4 g6 2. c4 Bg7 3. Nc3 d6 4. Nf3 Nf6 5. g3 O-O 6. Bg2 Nbd7 7. O-O e5 8.
e4 Re8 9. h3 a6 10. Re1 exd4 11. Nxd4 Rb8 12. Rb1 Ne5 13. b3 c5 14. Nc2 Nc6
15. a4 Na7 16. Bg5 h6 17. Bf4 Re6 18. Qd2 g5 19. Be3 Nc6 20. f3 Nh5 21. Ne2
b5 22. g4 Nf6 23. Bf2 bxc4 24. bxc4 Bd7 25. Ne3 Nb4 26. Nc3 Nh7 27. Ned5
Be5 28. Be3 Nxd5 29. Nxd5 Rxb1 30. Rxb1 Bxa4 31. Qa2 Bc6 32. Qxa6 Bxd5 33.
cxd5 Re8 34. Bf1 Qf6 35. Qc6 Rd8 36. Be2 Nf8 37. Kf2 Ng6 38. Rb7 Bd4 39.
Qa4 Bxe3+ 40. Kxe3 Qf4+ 41. Kf2 Qh2+ 42. Ke3 Nf4 43. Bd1 Nxh3 44. Kd3 Nf2+
45. Ke3 Nxd1+ 46. Qxd1 Ra8 47. Kd3 Qf2 48. Qb1 Ra3+ 0-1

[Event "ECC"]
[Site "Panormo GRE"]
[Date "2001.09.25"]
[Round "3"]
[White "Rudolf,Hen"]
[Black "Ben Menachem,I"]
[Result "0-1"]
[WhiteElo "2328"]
[BlackElo "2331"]
[EventDate "2001.09.22"]

1. e4 c6 2. d4 d5 3. exd5 cxd5 4. c4 Nf6 5. Nc3 e6 6. Nf3 Nc6 7. c5 Ne4 8.
Bb5 Nxc3 9. bxc3 Qc7 10. O-O Be7 11. Ne5 Bxc5 12. Qa4 Bd6 13. Nxc6 bxc6 14.
Bxc6+ Bd7 15. Bxd7+ Qxd7 16. Qa6 O-O 17. Rb1 Rac8 18. Ba3 Rc6 19. Qa4 Bxa3
20. Qxa3 Rfc8 21. Rfc1 h6 22. g3 Qc7 23. Rb3 Rc4 24. Rcb1 a5 25. Rb7 Qd8
26. R1b3 a4 27. Rb1 Qf6 28. Rb8 Qf3 29. Rxc8+ Rxc8 30. Qxa4 Rxc3 31. Ra1
Rd3 32. Qb4 Qe4 33. a4 Qxd4 34. Qe1 Rd2 35. Rc1 Qd3 36. Ra1 Qd4 37. Rc1 g6
38. a5 Ra2 39. h4 h5 40. Rc6 Ra1 41. Rc1 Ra3 42. Kh2 Ra2 43. Kg1 Qd2 44.
Rc8+ Kh7 45. Qxd2 Rxd2 46. Rc7 Kg7 47. a6 Ra2 48. a7 Kf6 49. f4 Kf5 50.
Rxf7+ Kg4 51. Rg7 Kxg3 52. Rxg6+ Kxf4 53. Rxe6 Rxa7 54. Rd6 Kg3 55. Kf1 Ra5
56. Ke2 Kxh4 57. Kf3 Kh3 58. Rh6 h4 59. Rb6 Ra7 60. Rb3 Rf7+ 61. Ke2+ Kg2
62. Rb8 Re7+ 63. Kd3 h3 64. Rg8+ Kh1 65. Kd2 h2 66. Rg5 d4 67. Rg3 d3 68.
Rg8 Re2+ 69. Kxd3 Re1 70. Kd2 Rg1 0-1

[Event "ECC"]
[Site "Panormo GRE"]
[Date "2001.09.25"]
[Round "3"]
[White "Hermansson,E"]
[Black "Bezold,M"]
[Result "1/2-1/2"]
[WhiteElo "2381"]
[BlackElo "2510"]
[EventDate "2001.09.22"]

1. e4 b6 2. d4 Bb7 3. Bd3 e6 4. Nf3 g6 5. c4 Bg7 6. Nc3 d6 7. O-O Nd7 8.
Be3 Ne7 9. Qd2 h6 10. h3 g5 11. Ne2 c5 12. d5 Ng6 13. Ne1 Be5 14. Nf3 Bf6
15. Ne1 Be5 16. Nf3 Bf6 17. Ne1 Nde5 18. f4 gxf4 19. Nxf4 Nxf4 20. Bxf4 Bg5
21. Be2 Bxf4 22. Qxf4 Qg5 23. Nd3 Qxf4 24. Rxf4 Nxd3 25. Bxd3 Ke7 26. Raf1
Raf8 27. Be2 f6 28. Bg4 Bc8 29. dxe6 Rhg8 30. R1f3 Bxe6 31. Ra3 Ra8 32.
Bxe6 Kxe6 33. Rh4 Rg6 34. Rh5 Rag8 35. g4 R8g7 36. Kf2 Rh7 37. Rf3 Rb7 38.
a4 Rh7 39. Kg3 Re7 40. Rff5 Kf7 41. Rf4 Re5 42. Rhf5 h5 43. Kh4 hxg4 44.
hxg4 Rxf5 45. Rxf5 Ke6 46. Rh5 Rg7 47. Kg3 a6 48. Kf4 b5 49. axb5 axb5 50.
b3 bxc4 51. bxc4 Ra7 52. Rh6 Rg7 53. Rh8 1/2-1/2

[Event "ECC"]
[Site "Panormo GRE"]
[Date "2001.09.25"]
[Round "3"]
[White "Novkovic,Mi"]
[Black "Hedman,E"]
[Result "1/2-1/2"]
[WhiteElo "2396"]
[BlackElo "2354"]
[EventDate "2001.09.22"]

1. Nf3 Nf6 2. d4 e6 3. e3 b6 4. Bd3 Bb7 5. O-O Be7 6. c4 O-O 7. Nc3 d5 8.
cxd5 exd5 9. b3 Nbd7 10. Bb2 Re8 11. Rc1 a6 12. Ne2 Bd6 13. Ng3 g6 14. Rc2
Qe7 15. Qc1 Rac8 16. Rd1 Ne4 17. Nf1 h5 18. Ne1 f5 19. f3 Nef6 20. f4 Ng4
21. Nf3 Kh7 22. Ne5 Nf8 23. h3 Nf6 24. Nh2 c5 25. Nhf3 Ne6 26. Qd2 Ne4 27.
Qe2 cxd4 28. Nxd4 Bxe5 29. fxe5 N6c5 30. Nf3 Ng3 31. Qd2 Nge4 32. Qc1 g5
33. Bxe4 dxe4 34. Ne1 g4 35. hxg4 fxg4 36. g3 Qf7 37. Rf2 Qe7 38. Qb1 Rf8
39. Rh2 Qf7 40. Ng2 Qf2+ 41. Kh1 Nd3 42. Bd4 Rc2 43. e6 Rf5 44. Rg1 Rc1 45.
Qxc1 Nxc1 46. Nh4 Ne2 47. Rxf2 Rxf2 48. Rd1 Nxg3+ 49. Kg1 Rc2 50. Be5 Rc1
51. Rxc1 Ne2+ 52. Kg2 Nxc1 53. e7 Bc6 54. Nf5 Nxa2 55. Nd6 Nc1 56. b4 Na2
57. b5 axb5 58. e8=Q Bxe8 59. Nxe8 Nc1 60. Nd6 Nd3 61. Bd4 h4 62. Nxe4 g3
63. Nxg3 1/2-1/2

[Event "ECC"]
[Site "Panormo GRE"]
[Date "2001.09.25"]
[Round "3"]
[White "Thoma,R"]
[Black "Olsson,An"]
[Result "1-0"]
[WhiteElo "2358"]
[BlackElo "2265"]
[EventDate "2001.09.22"]

1. Nf3 Nf6 2. c4 g6 3. Nc3 Bg7 4. g3 O-O 5. Bg2 d6 6. O-O e5 7. d3 Nc6 8.
Rb1 a5 9. a3 h6 10. b4 axb4 11. axb4 Be6 12. b5 Ne7 13. Bb2 Qc8 14. Ra1
Rxa1 15. Qxa1 Bh3 16. Rd1 Bxg2 17. Kxg2 Nh5 18. Nd5 Nxd5 19. cxd5 Qg4 20.
Kf1 f5 21. Rc1 f4 22. Rxc7 g5 23. Ke1 Qh3 24. Kd2 fxg3 25. fxg3 Nf6 26.
Rxb7 Nxd5 27. Qa7 Bf6 28. Rb8 Bd8 29. Qa8 Ba5+ 30. Kc2 Nb4+ 31. Kb1 Qf1+
32. Bc1 Qxe2 33. Rxf8+ Kg7 34. Rg8+ Kh7 35. Rh8+ Kg6 36. Qe4+ 1-0

[Event "ECC"]
[Site "Panormo GRE"]
[Date "2001.09.25"]
[Round "3"]
[White "Grabarczyk,M"]
[Black "Iordachescu,V"]
[Result "1/2-1/2"]
[WhiteElo "2499"]
[BlackElo "2562"]
[EventDate "2001.09.22"]

1. d4 Nf6 2. c4 e6 3. Nf3 b6 4. g3 Ba6 5. b3 Bb7 6. Bg2 Bb4+ 7. Bd2 a5 8.
O-O O-O 9. Nc3 d6 10. a3 Bxc3 11. Bxc3 Nbd7 12. b4 axb4 13. axb4 b5 14.
cxb5 Nb6 15. Ra5 Qb8 16. Nd2 Bxg2 17. Kxg2 Nbd5 18. Qb3 Nxc3 19. Qxc3 Rxa5
20. bxa5 Qxb5 21. e4 Qe2 22. Qe3 Qh5 23. Qc3 Qe2 24. Qe3 Qh5 25. Qc3
1/2-1/2

[Event "ECC"]
[Site "Panormo GRE"]
[Date "2001.09.25"]
[Round "3"]
[White "Svetushkin,D"]
[Black "Miton,K"]
[Result "1/2-1/2"]
[WhiteElo "2461"]
[BlackElo "2516"]
[EventDate "2001.09.22"]

1. e4 c5 2. Nf3 Nc6 3. d4 cxd4 4. Nxd4 Nf6 5. Nc3 d6 6. f3 e5 7. Nb3 Be7 8.
Be3 O-O 9. Qd2 a5 10. Bb5 Be6 11. Rd1 Na7 12. Bd3 Nc6 13. a3 Kh8 14. Qf2
Nd7 15. Bb5 Bh4 16. g3 Be7 17. O-O f5 18. exf5 Bxf5 19. Qe2 Qe8 20. Bc4 Qg6
21. Bd3 Nf6 22. Bxf5 Qxf5 23. Qd3 Qh3 24. Nd2 d5 25. Nxd5 Rad8 26. c4 Nxd5
27. cxd5 Nd4 28. Bxd4 Rxd5 29. Nb3 exd4 30. f4 Bf6 31. Nd2 Qd7 32. Ne4 Qb5
33. Qxb5 Rxb5 34. Rf2 d3 35. Nxf6 Rxf6 36. Rxd3 h6 37. Re2 Rf7 38. Kg2 Kh7
39. b3 Rc7 40. Kf3 Rbc5 41. h4 b5 42. g4 Rc1 43. f5 h5 44. Kf4 hxg4 45. Rd5
R7c5 46. Rd7 Kh6 47. Rd6+ Kh7 48. Rd7 Kh6 49. Rd6+ Kh7 50. Rg6 1/2-1/2

[Event "ECC"]
[Site "Panormo GRE"]
[Date "2001.09.25"]
[Round "3"]
[White "Jakubiec,A"]
[Black "Komliakov,V"]
[Result "1-0"]
[WhiteElo "2497"]
[BlackElo "2484"]
[EventDate "2001.09.22"]

1. f4 g6 2. Nf3 Bg7 3. g3 Nf6 4. Bg2 d5 5. O-O O-O 6. d3 c6 7. Qe1 Qb6+ 8.
e3 Nbd7 9. Nc3 a5 10. a4 Nc5 11. Kh1 Na6 12. e4 Nb4 13. Rf2 d4 14. Na2 Na6
15. h3 Nd7 16. b3 Qd8 17. Bd2 b6 18. g4 Ra7 19. Nc1 c5 20. Ne2 Nb4 21. Qd1
e6 22. f5 exf5 23. gxf5 gxf5 24. Ng3 fxe4 25. dxe4 f6 26. Nf5 Rf7 27. Bf1
Nf8 28. N3h4 Nc6 29. Rg2 Ne5 30. Nh6+ Kh8 31. Nxf7+ Rxf7 32. Rg3 Nfg6 33.
Qh5 Nxh4 34. Qxh4 Qe7 35. Bg2 f5 36. Bg5 Qf8 37. exf5 Bxf5 38. Rc1 Bg6 39.
Bd8 Qd6 40. Rg1 d3 41. c4 Qf8 42. Bxb6 d2 43. Rd1 Rf2 44. Qg5 Nd3 45. Rxd3
Bxd3 46. Bxc5 Bf6 47. Qd5 Re2 48. Bxf8 Re1+ 49. Kh2 Rxd1 50. Bh6 1-0

[Event "ECC"]
[Site "Panormo GRE"]
[Date "2001.09.25"]
[Round "3"]
[White "Khruschiov,A"]
[Black "Grabarczyk,B"]
[Result "1-0"]
[WhiteElo "2411"]
[BlackElo "2439"]
[EventDate "2001.09.22"]

1. e4 c5 2. Nf3 d6 3. d4 cxd4 4. Nxd4 Nf6 5. Nc3 g6 6. Be3 Bg7 7. f3 Nc6 8.
Qd2 Bd7 9. Bc4 O-O 10. O-O-O Rc8 11. Bb3 Qa5 12. Kb1 Ne5 13. Nd5 Qd8 14.
Bh6 Nxd5 15. Bxd5 Bh8 16. Bxf8 Kxf8 17. c3 Qb6 18. Nc2 Nc4 19. Bxc4 Rxc4
20. Ne3 Rc5 21. Nd5 Qd8 22. h4 Ba4 23. Rc1 Bg7 24. h5 e6 25. Nf4 g5 26. h6
Bh8 27. Rh5 Bf6 28. Nd3 Rc8 29. Nf2 Bc6 30. Ng4 Be7 31. Qd4 f6 32. Qxa7 d5
33. e5 f5 34. Nf6 Bxf6 35. exf6 Qxf6 36. Re1 f4 37. Qd4 Ke7 38. Qe5 Qxe5
39. Rxe5 g4 40. Reg5 g3 41. Rh4 Kf6 42. Rg7 e5 43. Rxh7 Bb5 44. Rxb7 Bf1
45. h7 Bxg2 46. Rh6+ Kg5 47. h8=Q Rxh8 48. Rxh8 e4 49. fxe4 Bxe4+ 50. Kc1
Bg6 51. Rg7 1-0

[Event "ECC"]
[Site "Panormo GRE"]
[Date "2001.09.25"]
[Round "3"]
[White "Petrenko,S"]
[Black "Jedryczka,K"]
[Result "0-1"]
[WhiteElo "2357"]
[BlackElo "2330"]
[EventDate "2001.09.22"]

1. e4 e5 2. Nf3 Nc6 3. Bc4 Bc5 4. c3 Nf6 5. d3 d6 6. h3 a6 7. Bb3 Ba7 8.
O-O Ne7 9. Bg5 Ng6 10. Nh4 Nxh4 11. Bxh4 h6 12. Nd2 Qe7 13. Nc4 g5 14. Bg3
h5 15. Ne3 c6 16. Qd2 h4 17. Bh2 g4 18. hxg4 Nxg4 19. Nxg4 Bxg4 20. Bd1 Be6
21. d4 h3 22. g3 O-O-O 23. d5 cxd5 24. exd5 Bd7 25. c4 Kb8 26. a4 f5 27. b4
Rc8 28. Be2 e4 29. Qf4 Bd4 30. Ra2 Bc3 31. Rb1 Rhg8 32. c5 Be5 33. Qe3 f4
34. Qxe4 Qf6 35. Rf1 dxc5 36. b5 a5 37. Bc4 Rce8 38. Qc2 Bd4 39. Kh1 Bg4
40. Ra3 Bf5 41. Qd2 Qe5 42. Qxf4 Qxf4 43. gxf4 Be4+ 44. f3 Bf5 45. d6 Rg7
46. b6 Kc8 47. Rb3 Rd8 48. Rb5 Rxd6 49. Rxa5 Rxb6 50. Ra8+ Kc7 51. Bb5 Rd6
52. a5 Rd8 53. Rxd8 Kxd8 54. a6 bxa6 55. Bxa6 Ra7 56. Bc4 Ra4 57. Bd5 c4
58. Rd1 c3 59. Bb3 Rb4 60. Bg1 Rxb3 61. Rxd4+ Ke8 62. Rc4 c2 63. Kh2 Rb1
0-1

[Event "ECC"]
[Site "Panormo GRE"]
[Date "2001.09.25"]
[Round "3"]
[White "Georgiev,Vl"]
[Black "Nedev,T"]
[Result "1-0"]
[WhiteElo "2584"]
[BlackElo "2514"]
[EventDate "2001.09.22"]

1. c4 Nf6 2. Nc3 g6 3. g3 Bg7 4. Bg2 O-O 5. d3 Nc6 6. Nf3 a6 7. O-O Rb8 8.
Rb1 b5 9. cxb5 axb5 10. b4 e6 11. a4 bxa4 12. Qxa4 Bb7 13. Bf4 d6 14. Rfc1
Ne7 15. b5 Nfd5 16. Nxd5 Nxd5 17. Bd2 Qd7 18. Qh4 Ba8 19. Nd4 Rb6 20. e4
Bxd4 21. exd5 Bg7 22. Be3 Rbb8 23. Qc4 exd5 24. Qxc7 Qe6 25. d4 h6 26. Bf1
f5 27. Re1 Qf6 28. Bf4 Rfd8 29. b6 Bb7 30. Bxd6 Qxd4 31. Qe7 Ra8 32. Bc5
Qa4 33. Bb4 Qc2 34. Rec1 1-0

[Event "ECC"]
[Site "Panormo GRE"]
[Date "2001.09.25"]
[Round "3"]
[White "Jacimovic,D"]
[Black "Mitkov,M"]
[Result "1/2-1/2"]
[WhiteElo "2485"]
[BlackElo "2413"]
[EventDate "2001.09.22"]

1. d4 d5 2. c4 e6 3. Nc3 Nf6 4. cxd5 exd5 5. Bg5 c6 6. e3 Nbd7 7. Bd3 Bd6
8. Qc2 Nf8 9. Nge2 Ng6 10. Ng3 O-O 11. Nh5 Be7 12. Bxf6 Bxf6 13. Nxf6+ Qxf6
14. O-O-O Rd8 15. Kb1 b6 16. Ka1 1/2-1/2

[Event "ECC"]
[Site "Panormo GRE"]
[Date "2001.09.25"]
[Round "3"]
[White "Dancevski,O"]
[Black "Kutirov,R"]
[Result "1/2-1/2"]
[WhiteElo "2435"]
[BlackElo "2390"]
[EventDate "2001.09.22"]

1. d4 d5 2. c4 c6 3. Nf3 Nf6 4. e3 g6 5. Nc3 Bg7 6. cxd5 cxd5 7. Bb5+ Nc6
8. Ne5 Bd7 9. Nxd7 Qxd7 10. O-O O-O 11. Bd2 Rfc8 12. Na4 Ne4 13. Rc1 e6 14.
Nc5 1/2-1/2

[Event "ECC"]
[Site "Panormo GRE"]
[Date "2001.09.25"]
[Round "3"]
[White "Sherwin,J"]
[Black "Thorhallsson,T"]
[Result "0-1"]
[WhiteElo "2359"]
[BlackElo "2456"]
[EventDate "2001.09.22"]

1. Nf3 d5 2. d4 Nf6 3. c4 dxc4 4. Qa4+ Nbd7 5. g3 a6 6. Qxc4 b5 7. Qc2 Bb7
8. Bg2 e6 9. O-O c5 10. Nc3 Rc8 11. dxc5 Bxc5 12. a3 O-O 13. Ng5 Bxg2 14.
Kxg2 Bd4 15. Nf3 Bxc3 16. bxc3 Nd5 17. Bd2 N7b6 18. Ng5 g6 19. Ne4 Nc4 20.
Bh6 Re8 21. Rfc1 Qe7 22. Qd3 Red8 23. Qf3 f5 24. Nd2 Ne5 0-1